| 000 | 01131nam a2200217Ia 4500 | ||
|---|---|---|---|
| 003 | OSt | ||
| 005 | 20210729154054.0 | ||
| 008 | 210310t1987 ck fr 000 0 spa d | ||
| 020 | _a9589028306 | ||
| 040 |
_aCO-JMCR _cCO-JMCR |
||
| 041 | 0 | _aspa | |
| 082 | 0 | 4 |
_a332.71 / _bB213f _223 |
| 110 | 2 |
_aBanco de la República _914538 |
|
| 245 | 1 | 0 |
_aFondo Financiero Agropecuario : _bcompendio estadístico 1985-1986 / _cBanco de la República |
| 260 |
_aBogotá : _bBanco de la República, _c©1987 |
||
| 300 |
_a107 páginas ; _c28 cm. |
||
| 505 | 0 | _aResumen general --Fuentes y usos de recursos -- Créditos aprobados cultivos semestrales -- Créditos aprobados. Otros cultivos semianuales -- Créditos aprobados. Siembras y sostenimiento -- Créditos aprobados. Adecuación e infraestructura -- Créditos aprobados. Maquinaria agrícola -- Créditos aprobados actividades pecuarias -- Créditos: compra de fincas para profesionales del sector agropecuario y resoluciones. Junta monetaria | |
| 650 | 1 | 4 |
_aAgricultura _916548 _vEstadísticas _zColombia |
| 650 | 2 | 4 |
_aAgricultura _xAspectos económicos _zColombia _97065 |
| 942 |
_2ddc _cBK |
||
| 999 |
_c8178 _d8178 |
||